000 00580nam1a22002051i 4500
001 rc\2836181
005 20240726073402.0
035 _a(NLR Aleph) 006993932
090 _a5653825
_c5653825
100 _a20110628g19271929|||y0rusy50 ca
101 0 _arus
102 _aRU
105 _ay z |||||
200 1 _aКонспективная серия. Б-4
_e№ XIII-64, 69, 76, 78-80, 64, 86, 95
210 _aМосква
_cГос. техн. изд-во
_d1927-1929
215 _a8 т.
801 0 _aRU
_bNLR
_gpsbo
801 1 _aRU
_bELAR
_2rusmarc
852 _aNLR
_j49/486
942 _cBOOK